The Walking Dead Season 9 Characters - Statistics

General Stats
  • This quiz has been taken 51 times
  • The average score is 9 of 13
Answer Stats
Hint Answer % Correct
Leader of the Whisperers Alpha
100%
Second in command of the Whisperers and former country singer Beta
98%
Son of Michonne and Rick R.J Grimes
93%
Daughter of the above Lydia
91%
Deaf woman Connie
89%
Asian woman and former attorney Yumiko
89%
Former music teacher Luke
78%
Saved by Judith and the leader of her group Magna
74%
Best friend of Judith and adoptive daughter of Aaron Gracie
72%
Sister of the above Kelly
67%
Old man and blacksmith of Hilltop Earl Sutton
48%
Young man and friend of Henry lives at Hilltop Gage
17%
Supply runner of Hilltop Marco
9%
No matching quizzes found
Score Distribution
Percent of People with Each Score
Percentile by Number Answered
Your Score History
You have not taken this quiz